000 01049nam a2200301 4500
001 0000019878
003 CO-CtgCURN
005 20250331185219.0
007 ta
008 160627s2000 000 0 eng d
020 _a8471012960
040 _aCO-CtgCURN
_bspa
_ccoctgcurn
082 0 _a616.992
_bF344o
100 1 _aFeig, Barry.
245 1 0 _aM.D Anderson OncologĂ­a /
_cBarry Feig.
250 _a2a ed.
260 _aMadrid :
_bMarban,
_c2000.
300 _axii, 528 p.
336 _2rdacontent
337 _2rdamedia
_asin mediacion
_bn
338 _2rdacarrier
_avolumen
_bnc
505 8 _aCancer de mama no invasivo.--Cancer de mama invasivo.--Cancer de piel no melanoma.--Sarcoma de tejidos blandos y hueso.--Carcinoma de esofago.--Carcinoma gastrico.--Cancer de colon, recto y ano.--Tumores suprarrenales
650 1 4 _aCancer
_vCirugia.
700 1 _aBerger, Barry. Fuhrman, George.
908 _a160627
942 _cBK
_h616.992
_iF344o
_2ddc
999 _c23042
_d23042